000 00306nam a22001217a 4500
008 160503b xxu||||| |||| 00| 0 eng d
020 _a9781416024200
020 _a1416024204
041 _aeng
080 _a61
245 _aMedical the assistant;
_cAlexandra P. Young; Deborah B. Proctor;
942 _2udc
_cBK
999 _c1750
_d1750